[Event "Laval op"]
[Site "Laval CAN"]
[Date "2023.06.24"]
[Round "3.25"]
[White "Deschamps, Martin"]
[Black "Wu, Yuchen"]
[Result "1-0"]
[WhiteElo "1845"]
[BlackElo "1402"]
[PlyCount "73"]
[EventDate "2023.06.23"]
[EventType "swiss"]
[EventRounds "5"]
[EventCountry "CAN"]

1. c4 e5 2. Nc3 Nc6 3. g3 Nf6 4. Bg2 Bc5 5. e3 O-O 6. Nge2 Re8 7. a3 a5 8. O-O
d6 9. d4 exd4 10. exd4 Ba7 11. Bg5 h6 12. Bxf6 Qxf6 13. Nd5 Qd8 14. h3 Ne7 15.
Nec3 c6 16. Nxe7+ Rxe7 17. b4 Be6 18. Qd3 Rc8 19. d5 cxd5 20. Nxd5 Bxd5 21.
Bxd5 Qb6 22. Qf5 Rf8 23. bxa5 Qc5 24. Kg2 Re5 25. Qf3 Qxa5 26. Rab1 Re7 27. Rb5
Qd2 28. Rxb7 Rxb7 29. Bxb7 Bc5 30. Bd5 Qa2 31. Re1 Qxa3 32. Qf5 Qa7 33. Re4 Qc7
34. Rg4 Kh8 35. Be4 g6 36. Qf6+ Kg8 37. Bxg6 1-0

[Event "Laval op"]
[Site "Laval CAN"]
[Date "2023.06.24"]
[Round "3.26"]
[White "Ouni, Iheb"]
[Black "Berube, Maximilien"]
[Result "0-1"]
[WhiteElo "959"]
[BlackElo "1796"]
[PlyCount "44"]
[EventDate "2023.06.23"]
[EventType "swiss"]
[EventRounds "5"]
[EventCountry "CAN"]

1. d4 Nf6 2. c4 e6 3. Nf3 d5 4. cxd5 exd5 5. e3 Bd6 6. h3 O-O 7. Bd3 b6 8. O-O
Bb7 9. Nc3 a6 10. b3 Nbd7 11. a4 Ne4 12. Bb2 f5 13. Nd2 Qh4 14. Nf3 Qh6 15. Ba3
Nxc3 16. Qc2 Ne4 17. Bxd6 Qxd6 18. Rac1 c5 19. Nh4 g6 20. f3 Ng5 21. Qf2 Rac8
22. g3 Nxh3+ 0-1

[Event "Laval op"]
[Site "Laval CAN"]
[Date "2023.06.25"]
[Round "4.2"]
[White "Ouellet, Maili-Jade"]
[Black "Dukic, Zachary"]
[Result "0-1"]
[WhiteElo "2343"]
[BlackElo "2340"]
[PlyCount "144"]
[EventDate "2023.06.23"]
[EventType "swiss"]
[EventRounds "5"]
[EventCountry "CAN"]

1. d4 Nf6 2. c4 g6 3. Nc3 Bg7 4. e4 d6 5. h3 O-O 6. Be3 Nbd7 7. g4 a6 8. Nf3 e5
9. Bg2 b5 10. g5 Nh5 11. cxb5 axb5 12. Nxb5 Ba6 13. Bf1 exd4 14. Bxd4 Re8 15.
Nc3 Bxd4 16. Qxd4 Nc5 17. Bxa6 Rxa6 18. Kf1 Qb8 19. b4 Nb3 20. Qc4 Nxa1 21.
Qxa6 Qxb4 22. Qc6 Re6 23. Kg2 Nf4+ 24. Kg3 Qxc3 25. Qa8+ Kg7 26. Kxf4 f6 27. h4
fxg5+ 28. hxg5 Re7 29. Kg4 Rf7 30. Rh3 Qc1 31. Kg3 Qf4+ 32. Kg2 Nc2 33. Qa5
Qxe4 34. Qc3+ Kg8 35. Kg1 c5 36. a3 c4 37. a4 d5 38. a5 Qe2 39. a6 d4 40. Qa5
Qe7 41. Kg2 c3 42. Qd5 Qd7 43. Qc4 Qc7 44. Qd5 Nb4 45. Qxd4 c2 46. Rh1 Na2 47.
Ne5 Re7 48. Qd5+ Kg7 49. Ng4 Qc8 50. Nf6 h5 51. Qxa2 Re5 52. Qa1 Rxg5+ 53. Kf3
Rf5+ 54. Ke3 Qc5+ 55. Ke4 Rxf6 56. a7 Qf5+ 57. Kd4 Qd7+ 58. Ke3 Qe8+ 59. Kd3
Qa8 60. Re1 Kf7 61. Qa2+ Kg7 62. Qa1 Kf7 63. Qa2+ Kf8 64. Qa3+ Kg8 65. Qb3+ Kh7
66. Kxc2 Rxf2+ 67. Kb1 Qxa7 68. Rd1 Rf7 69. Kc1 Qa1+ 70. Qb1 Rc7+ 71. Kd2 Rd7+
72. Ke2 Rxd1 0-1

[Event "Laval op"]
[Site "Laval CAN"]
[Date "2023.06.25"]
[Round "4.3"]
[White "Wiebe, Isaac"]
[Black "Zhu, Hong Rui"]
[Result "1-0"]
[WhiteElo "2200"]
[BlackElo "2259"]
[PlyCount "99"]
[EventDate "2023.06.23"]
[EventType "swiss"]
[EventRounds "5"]
[EventCountry "CAN"]

1. Nf3 c5 2. c4 Nc6 3. d4 cxd4 4. Nxd4 Nf6 5. Nc3 g6 6. e4 Bg7 7. Be3 Ng4 8.
Qxg4 Bxd4 9. Bxd4 Nxd4 10. O-O-O d6 11. Qg3 e5 12. f4 f6 13. h4 Be6 14. h5 g5
15. fxg5 fxg5 16. Rxd4 exd4 17. Nb5 O-O 18. Nxd4 Bc8 19. Nb5 Qf6 20. Nxd6 b6
21. e5 Qf4+ 22. Qxf4 Rxf4 23. Bd3 h6 24. g3 Rf2 25. Ne4 Rf8 26. Nf6+ Kg7 27.
Be4 Rb8 28. Bd5 b5 29. b3 bxc4 30. bxc4 Bf5 31. Kd2 Rxf6 32. exf6+ Kxf6 33. Kc3
Rb1 34. Kd4 Rxh1 35. Bxh1 Bg4 36. Kc5 Ke7 37. Kc6 Bxh5 38. c5 Bf7 39. a3 h5 40.
Kb7 a5 41. c6 Kd6 42. c7 Be6 43. Kb6 Bc8 44. Bb7 Kd7 45. Bf3 g4 46. Be4 Kd6 47.
Bg6 h4 48. gxh4 g3 49. Be4 Bh3 50. Bg2 1-0

[Event "Laval op"]
[Site "Laval CAN"]
[Date "2023.06.25"]
[Round "4.4"]
[White "Masse, Hugues"]
[Black "Pomerantz, Daniel"]
[Result "0-1"]
[WhiteElo "2261"]
[BlackElo "2217"]
[PlyCount "66"]
[EventDate "2023.06.23"]
[EventType "swiss"]
[EventRounds "5"]
[EventCountry "CAN"]

1. e4 c6 2. d4 d5 3. e5 c5 4. Nf3 cxd4 5. Nbd2 Nc6 6. Nb3 Bg4 7. Nbxd4 e6 8.
Nxc6 bxc6 9. Bd3 Bc5 10. O-O Ne7 11. h3 Bxf3 12. Qxf3 Ng6 13. Re1 Rb8 14. c3
O-O 15. b3 f5 16. Bf4 Nxf4 17. Qxf4 g5 18. Qf3 Rb7 19. c4 Rg7 20. Re2 g4 21.
hxg4 fxg4 22. Qg3 h5 23. cxd5 cxd5 24. Rc1 Bb6 25. Rc6 h4 26. Qh2 Bxf2+ 27. Kh1
Qg5 28. Rcc2 Bb6 29. Re1 Rgf7 30. Ba6 Rf2 31. Rxf2 Rxf2 32. Rf1 Rxf1+ 33. Bxf1
Qc1 0-1

[Event "Laval op"]
[Site "Laval CAN"]
[Date "2023.06.25"]
[Round "4.6"]
[White "Nunez-Painchaud, Raphael"]
[Black "Avarian, Aram Sevag"]
[Result "1-0"]
[WhiteElo "2290"]
[BlackElo "2002"]
[PlyCount "69"]
[EventDate "2023.06.23"]
[EventType "swiss"]
[EventRounds "5"]
[EventCountry "CAN"]

1. e4 c5 2. Nf3 Nc6 3. Bb5 g6 4. Bxc6 dxc6 5. d3 Bg7 6. h3 Nf6 7. Nc3 Nd7 8.
Be3 b6 9. Qd2 h6 10. O-O e5 11. Nh2 Nf8 12. a4 a5 13. f4 exf4 14. Rxf4 Ne6 15.
Rf2 Nd4 16. Raf1 Ra7 17. Kh1 Qh4 18. Rf4 Qh5 19. Ng4 f5 20. exf5 gxf5 21. Nh2
Be5 22. R4f2 Kd8 23. Nf3 Nxf3 24. Rxf3 Rg7 25. Bf4 Bc7 26. d4 Rd7 27. Bxc7+
Kxc7 28. Qf4+ Kb7 29. dxc5 Rg7 30. cxb6 Rhg8 31. Rg3 Qf7 32. Ne4 Kxb6 33. Nd6
Qd7 34. Rb3+ Kc7 35. Nf7+ 1-0

[Event "Laval op"]
[Site "Laval CAN"]
[Date "2023.06.25"]
[Round "4.7"]
[White "Latorre, Vincent"]
[Black "Zhong, Kevin"]
[Result "1-0"]
[WhiteElo "2203"]
[BlackElo "2276"]
[PlyCount "61"]
[EventDate "2023.06.23"]
[EventType "swiss"]
[EventRounds "5"]
[EventCountry "CAN"]

1. e4 c5 2. Nf3 d6 3. d4 cxd4 4. Nxd4 Nf6 5. Nc3 Nc6 6. Bg5 e6 7. Qd2 a6 8.
O-O-O Bd7 9. f4 Be7 10. Nf3 b5 11. Bxf6 gxf6 12. Kb1 Qb6 13. f5 O-O-O 14. g3
Kb8 15. fxe6 fxe6 16. Bh3 Rhe8 17. Qe1 Ne5 18. Nd4 Bf8 19. Nce2 Bg7 20. Nf4 f5
21. exf5 Nc4 22. Ndxe6 Bxe6 23. fxe6 Nxb2 24. e7 Na4 25. Nd5 Qc5 26. exd8=Q+
Rxd8 27. Rd3 Be5 28. Rf1 Nb2 29. Qa5 Re8 30. Nb4 Qc4 31. Qb6+ 1-0

[Event "Laval op"]
[Site "Laval CAN"]
[Date "2023.06.25"]
[Round "4.8"]
[White "Batorshyn, Ilia"]
[Black "Turcotte, Jonathan"]
[Result "1-0"]
[WhiteElo "2243"]
[BlackElo "1998"]
[PlyCount "59"]
[EventDate "2023.06.23"]
[EventType "swiss"]
[EventRounds "5"]
[EventCountry "CAN"]

1. e4 c6 2. Nf3 d5 3. Nc3 Bg4 4. h3 Bxf3 5. Qxf3 e6 6. d3 Nf6 7. Bd2 Bb4 8.
O-O-O d4 9. Nb1 Bxd2+ 10. Nxd2 O-O 11. g4 Nfd7 12. h4 c5 13. g5 Nc6 14. Qg3 b5
15. h5 Nb4 16. Kb1 Nb6 17. g6 fxg6 18. hxg6 h6 19. Bh3 Qe7 20. Nf3 Rae8 21. Ne5
Qf6 22. Nf7 Re7 23. e5 Rexf7 24. exf6 Rxf6 25. a3 N4d5 26. Qd6 Kh8 27. Bg2 Nf4
28. Be4 e5 29. Qxe5 Nd7 30. Qe7 1-0

[Event "Laval op"]
[Site "Laval CAN"]
[Date "2023.06.25"]
[Round "4.9"]
[White "Robichaud, Louis"]
[Black "Adam, Rafael"]
[Result "0-1"]
[WhiteElo "2127"]
[BlackElo "2206"]
[PlyCount "72"]
[EventDate "2023.06.23"]
[EventType "swiss"]
[EventRounds "5"]
[EventCountry "CAN"]

1. e4 c6 2. d3 d5 3. Qe2 dxe4 4. dxe4 e5 5. Nf3 Qc7 6. b3 Ne7 7. Bb2 Ng6 8.
Nbd2 f6 9. g3 h5 10. h4 Bc5 11. Nc4 a5 12. a3 b5 13. Ne3 Nf8 14. Nd2 Qb6 15.
Nd1 Ne6 16. c3 g6 17. Bg2 O-O 18. O-O Ra7 19. b4 Be7 20. Ne3 Rd8 21. Kh1 Rad7
22. Rad1 Na6 23. Nf3 Nac7 24. Rxd7 Rxd7 25. Rd1 Ne8 26. Rxd7 Bxd7 27. Qd1 Nd6
28. c4 axb4 29. cxb5 Qxb5 30. Bf1 Qb7 31. axb4 Qxb4 32. Nc4 Nxc4 33. Qxd7 Kf7
34. Bxc4 Qxc4 35. Ba3 c5 36. Nd2 Qc3 0-1

[Event "Laval op"]
[Site "Laval CAN"]
[Date "2023.06.25"]
[Round "4.10"]
[White "Constantin, David"]
[Black "Guillemette, Hugo"]
[Result "0-1"]
[WhiteElo "2121"]
[BlackElo "2203"]
[PlyCount "70"]
[EventDate "2023.06.23"]
[EventType "swiss"]
[EventRounds "5"]
[EventCountry "CAN"]

1. e4 c5 2. Nf3 e6 3. c4 Nc6 4. d4 cxd4 5. Nxd4 Bc5 6. Nb3 Bb4+ 7. Nc3 Nf6 8.
Bg5 h6 9. Bxf6 Qxf6 10. Rc1 O-O 11. a3 Bxc3+ 12. Rxc3 Qe5 13. Be2 Qxe4 14. O-O
Qh4 15. f4 d5 16. cxd5 exd5 17. Qxd5 Be6 18. Qh5 Qf6 19. Nc5 Nd4 20. Bd3 Bf5
21. Bxf5 Nxf5 22. Rd1 Rfd8 23. Nd7 Qe6 24. Rcd3 Ne3 25. f5 Qc6 26. Rxe3 Rxd7
27. Rde1 Qb6 28. Kf1 Qxb2 29. Qg4 Qf6 30. h4 Rad8 31. h5 Rd5 32. Rf3 Rd4 33.
Qg3 Rh4 34. Qe5 Rh1+ 35. Kf2 Rd2+ 0-1

[Event "Laval op"]
[Site "Laval CAN"]
[Date "2023.06.25"]
[Round "4.11"]
[White "Di Matteo, Alessio"]
[Black "Saha, Ananda"]
[Result "1-0"]
[WhiteElo "1986"]
[BlackElo "2181"]
[PlyCount "169"]
[EventDate "2023.06.23"]
[EventType "swiss"]
[EventRounds "5"]
[EventCountry "CAN"]

1. d4 Nf6 2. c4 e6 3. Nc3 Bb4 4. f3 c5 5. d5 exd5 6. cxd5 d6 7. e4 O-O 8. Bd2
a6 9. Nge2 b5 10. Nf4 Nbd7 11. Nd3 Ba5 12. Be2 c4 13. Nf2 Bb6 14. O-O Ne5 15.
Qc1 Bd7 16. Be3 b4 17. Bxb6 Qxb6 18. Ncd1 Rfc8 19. Qe3 Qxe3 20. Nxe3 c3 21. b3
a5 22. Nc2 Rab8 23. Nd4 a4 24. Rfc1 Kf8 25. Nd1 Rc5 26. Ne3 Ra8 27. Nec2 Rb8
28. Kf2 Ra5 29. Ne3 Bc8 30. Nc4 Nxc4 31. Bxc4 Bd7 32. Re1 Rc5 33. Bd3 Ra8 34.
Reb1 Rb8 35. Bc4 a3 36. Re1 Rb6 37. Rad1 Bc8 38. Nc2 g5 39. Rd4 Nd7 40. Bf1 Rb8
41. Rxb4 Ra8 42. Rc4 f5 43. Re3 fxe4 44. Rxc5 Nxc5 45. Rxc3 exf3 46. Rxf3+ Kg7
47. b4 Ne4+ 48. Kg1 Nf6 49. Bc4 Bb7 50. Rd3 Kg6 51. Nxa3 Ra4 52. Nc2 Kf5 53. a3
Ra8 54. Rf3+ Ke5 55. Re3+ Ne4 56. Rd3 Nf6 57. Ne3 h5 58. Kf1 g4 59. Ke2 Ne4 60.
Bb5 Rf8 61. Nc4+ Kf6 62. Bc6 Bc8 63. b5 Nc5 64. Re3 Rd8 65. b6 Ba6 66. Rc3 Rb8
67. b7 Nxb7 68. Ke3 Bxc4 69. Rxc4 Nc5 70. Rb4 Rd8 71. a4 Ke5 72. a5 Rf8 73. a6
Nxa6 74. Re4+ Kf6 75. Rf4+ Kg7 76. Rxf8 Kxf8 77. Kf4 Nb4 78. Kg5 Nd3 79. g3 Ne5
80. Kxh5 Kf7 81. Kg5 Ke7 82. Bb5 Nf3+ 83. Kxg4 Nxh2+ 84. Kf4 Kf6 85. g4 1-0

[Event "Laval op"]
[Site "Laval CAN"]
[Date "2023.06.25"]
[Round "4.12"]
[White "Kot, Emanuel"]
[Black "Zhe, Jia"]
[Result "1-0"]
[WhiteElo "2168"]
[BlackElo "1894"]
[PlyCount "60"]
[EventDate "2023.06.23"]
[EventType "swiss"]
[EventRounds "5"]
[EventCountry "CAN"]

1. e4 e5 2. Nf3 Nc6 3. Bb5 a6 4. Ba4 Nf6 5. O-O Be7 6. Re1 b5 7. Bb3 d6 8. a4
Bd7 9. c3 Na5 10. Bc2 c5 11. d4 cxd4 12. cxd4 Nc6 13. h3 O-O 14. Nc3 b4 15. Nd5
h6 16. Be3 Rb8 17. Qd3 Bc8 18. a5 Nd7 19. Nxe7+ Qxe7 20. d5 Nd8 21. Nd2 Nc5 22.
Bxc5 dxc5 23. Bb3 Kh8 24. Nc4 f6 25. Nb6 Qa7 26. Bc4 Nf7 27. Qe3 Rxb6 28. Qxc5
Nd6 29. axb6 Qd7 30. Qxb4 Nxc4 1-0

[Event "Laval op"]
[Site "Laval CAN"]
[Date "2023.06.25"]
[Round "4.13"]
[White "Chasles, Jean-Benoit"]
[Black "Genzling, Jerome"]
[Result "0-1"]
[WhiteElo "1806"]
[BlackElo "2136"]
[PlyCount "114"]
[EventDate "2023.06.23"]
[EventType "swiss"]
[EventRounds "5"]
[EventCountry "CAN"]

1. e4 c5 2. Nf3 Nc6 3. d4 cxd4 4. Nxd4 g6 5. Nxc6 bxc6 6. Qd4 Nf6 7. e5 Nd5 8.
Bc4 Qb6 9. Qxb6 Nxb6 10. Bd3 Bg7 11. f4 d6 12. exd6 exd6 13. O-O f5 14. Re1+
Kf7 15. Nd2 Be6 16. Nf3 h6 17. a4 a5 18. Ra3 Rhe8 19. b3 Nd5 20. Bd2 Nc3 21.
Bxc3 Bxc3 22. Re2 Bd5 23. Kf2 Rxe2+ 24. Bxe2 Kf6 25. Bc4 Be4 26. Ra2 Rb8 27. g3
g5 28. h3 gxf4 29. gxf4 Bxf3 30. Kxf3 c5 31. Ke3 Re8+ 32. Kd3 Bd4 33. c3 Re3+
34. Kd2 Rxc3 35. Ke1 Rxh3 36. Rg2 Be3 37. Rg8 Bxf4 38. Ra8 Be5 39. Ke2 Bc3 40.
Rf8+ Kg5 41. Rd8 Be5 42. Ra8 f4 43. Bd5 Re3+ 44. Kf1 Bc3 45. Rf8 Rd3 46. Be4
Rd2 47. Rg8+ Kf6 48. Rg6+ Ke5 49. Bf3 Bd4 50. Ke1 Rf2 51. Bh5 f3 52. Rxh6 Rh2
53. Rxd6 f2+ 54. Kf1 Rh1+ 55. Kg2 f1=Q+ 56. Kg3 Rh3+ 57. Kg4 Qf5# 0-1

[Event "Laval op"]
[Site "Laval CAN"]
[Date "2023.06.25"]
[Round "4.14"]
[White "Duval, Mathieu"]
[Black "Chapdelaine, Gwyn"]
[Result "0-1"]
[WhiteElo "1865"]
[BlackElo "2110"]
[PlyCount "64"]
[EventDate "2023.06.23"]
[EventType "swiss"]
[EventRounds "5"]
[EventCountry "CAN"]

1. d4 Nf6 2. c4 e6 3. Nc3 Bb4 4. e3 b6 5. Bd3 Bb7 6. Nf3 O-O 7. O-O Bxc3 8.
bxc3 Ne4 9. Qc2 f5 10. Nd2 Ng5 11. f4 Nf7 12. e4 Nh6 13. e5 Re8 14. Nf3 g6 15.
a4 a5 16. Rb1 d6 17. Ng5 Nd7 18. exd6 cxd6 19. Re1 Qf6 20. Bd2 Rac8 21. c5 dxc5
22. Rxe6 Rxe6 23. Bc4 Rce8 24. Qa2 Kh8 25. Bxe6 Nf8 26. Rxb6 cxd4 27. Rxb7 dxc3
28. Qa1 Qd4+ 29. Kf1 Qd3+ 30. Kg1 Qxd2 31. g3 Nxe6 32. Nxh7 Nxf4 0-1

[Event "Laval op"]
[Site "Laval CAN"]
[Date "2023.06.25"]
[Round "4.15"]
[White "Wang, Derek"]
[Black "Yan, Alex Jikai"]
[Result "1-0"]
[WhiteElo "2109"]
[BlackElo "1881"]
[PlyCount "105"]
[EventDate "2023.06.23"]
[EventType "swiss"]
[EventRounds "5"]
[EventCountry "CAN"]

1. Nf3 d5 2. c4 e6 3. d4 Nf6 4. Nc3 Bb4 5. Bg5 h6 6. Bxf6 Qxf6 7. e3 O-O 8. Bd3
dxc4 9. Bxc4 c5 10. O-O Bxc3 11. bxc3 Nc6 12. Rb1 cxd4 13. cxd4 b6 14. Qa4 Bb7
15. Rfc1 Rfc8 16. Ba6 Bxa6 17. Qxa6 Qd8 18. h3 Rc7 19. Rc4 Na5 20. Rxc7 Qxc7
21. Ne5 Rc8 22. Rd1 Qb7 23. Qd3 Qd5 24. Qa3 Rc7 25. Qa4 Qd8 26. e4 f6 27. Nf3
Nc4 28. Qb3 Kh7 29. d5 exd5 30. exd5 Qd6 31. Qd3+ g6 32. Qd4 b5 33. Re1 Nb6 34.
Re6 Qxd5 35. Qxf6 Rg7 36. Re8 Nd7 37. Qd8 g5 38. Ne5 Qxe5 39. Rxe5 Nxe5 40. Qd5
Re7 41. Qxb5 Ng6 42. g3 Rf7 43. a4 Kg7 44. Kf1 Re7 45. Qb4 Kf7 46. Kg2 Kg7 47.
a5 h5 48. Qc5 Kh6 49. Kh2 Rf7 50. Kg1 h4 51. Qd5 Re7 52. a6 Kh5 53. f4 1-0

[Event "Laval op"]
[Site "Laval CAN"]
[Date "2023.06.25"]
[Round "4.16"]
[White "Mok, Yuen Tak"]
[Black "Wang, Isabelle"]
[Result "1-0"]
[WhiteElo "2071"]
[BlackElo "1748"]
[PlyCount "47"]
[EventDate "2023.06.23"]
[EventType "swiss"]
[EventRounds "5"]
[EventCountry "CAN"]

1. e4 e5 2. Nf3 Nc6 3. Bc4 Bc5 4. c3 Nf6 5. d4 exd4 6. e5 d5 7. Bb5 Ne4 8. cxd4
Bb6 9. Nc3 O-O 10. Be3 Bg4 11. h3 Bxf3 12. gxf3 Nxc3 13. bxc3 f6 14. f4 fxe5
15. fxe5 Qh4 16. Qg4 Qxg4 17. hxg4 g6 18. Ke2 Nd8 19. Bd7 c5 20. dxc5 Bc7 21.
f4 Nc6 22. Be6+ Kh8 23. Bxd5 g5 24. fxg5 1-0

[Event "Laval op"]
[Site "Laval CAN"]
[Date "2023.06.25"]
[Round "4.17"]
[White "Moses, Neil"]
[Black "Hu, Raymond"]
[Result "0-1"]
[WhiteElo "2029"]
[BlackElo "1662"]
[PlyCount "52"]
[EventDate "2023.06.23"]
[EventType "swiss"]
[EventRounds "5"]
[EventCountry "CAN"]

1. e4 e6 2. d4 d5 3. e5 c5 4. c3 Nc6 5. Nf3 Qb6 6. Bd3 Bd7 7. O-O cxd4 8. cxd4
Nxd4 9. Nxd4 Qxd4 10. Nc3 Bb4 11. Nb5 Qxe5 12. Qg4 Ba5 13. Bf4 Qf6 14. Nd6+ Kf8
15. Nxb7 Bb6 16. Bg5 Qd4 17. Qg3 f6 18. Qd6+ Ke8 19. Qa3 fxg5 20. Nd6+ Kf8 21.
Nf5+ Qc5 22. b4 Qc6 23. Ng3 Nf6 24. Rac1 Qa4 25. Qb2 Kf7 26. Rfe1 Rac8 0-1

[Event "Laval op"]
[Site "Laval CAN"]
[Date "2023.06.25"]
[Round "4.18"]
[White "Wang, Rachel"]
[Black "Jiang, Barron Jiyu"]
[Result "0-1"]
[WhiteElo "1842"]
[BlackElo "2014"]
[PlyCount "130"]
[EventDate "2023.06.23"]
[EventType "swiss"]
[EventRounds "5"]
[EventCountry "CAN"]

1. d4 Nf6 2. c4 g6 3. Nc3 d5 4. Nf3 Bg7 5. Bg5 Ne4 6. cxd5 Nxc3 7. bxc3 Qxd5 8.
e3 Qa5 9. Qd2 c5 10. Rb1 a6 11. Bd3 Nc6 12. Be4 h6 13. Bh4 cxd4 14. cxd4 Qxd2+
15. Nxd2 g5 16. Bg3 f5 17. Bxc6+ bxc6 18. Nc4 Be6 19. Rc1 O-O 20. Be5 Bxe5 21.
Nxe5 Bxa2 22. Rxc6 Rfc8 23. Kd2 Rxc6 24. Nxc6 Kf7 25. Nb4 Bc4 26. Rc1 Bb5 27.
Rc5 e6 28. Nc2 Kg6 29. Na3 Bf1 30. Rc6 Re8 31. g3 Kh5 32. f3 Bg2 33. Ke2 g4 34.
Rxa6 Bxf3+ 35. Kf2 Bd5 36. Nb1 Rc8 37. Nd2 Rc2 38. Ke1 Rc1+ 39. Kf2 Rh1 40. Nf1
Rxf1+ 41. Kxf1 Bc4+ 42. Kf2 Bxa6 43. Kg1 Kg5 44. Kf2 Kf6 45. Ke1 e5 46. dxe5+
Kxe5 47. Kf2 Ke4 48. Kg2 Kxe3 49. h3 h5 50. hxg4 hxg4 51. Kg1 Kf3 52. Kh2 Bf1
53. Kg1 Kxg3 54. Kxf1 f4 55. Kg1 f3 56. Kh1 Kf2 57. Kh2 g3+ 58. Kh3 g2 59. Kh4
g1=R 60. Kh3 Rg2 61. Kh4 Kg1 62. Kh3 f2 63. Kh4 f1=R 64. Kh3 Kf2 65. Kh4 Rh1#
0-1

[Event "Laval op"]
[Site "Laval CAN"]
[Date "2023.06.25"]
[Round "4.19"]
[White "Deboosere, Adam"]
[Black "Deschamps, Martin"]
[Result "1-0"]
[WhiteElo "1998"]
[BlackElo "1845"]
[PlyCount "161"]
[EventDate "2023.06.23"]
[EventType "swiss"]
[EventRounds "5"]
[EventCountry "CAN"]

1. d4 Nf6 2. Nf3 e6 3. e3 b6 4. Bd3 Bb7 5. Nbd2 d5 6. b3 Nbd7 7. Bb2 Ne4 8. O-O
Bd6 9. Ne5 O-O 10. f4 f6 11. Nxd7 Qxd7 12. Nf3 a5 13. a4 Ba6 14. Qe2 Bb7 15.
Rfc1 Rad8 16. Ba3 Bxa3 17. Rxa3 Qe7 18. Raa1 Kh8 19. Rf1 Rg8 20. Rac1 g5 21.
fxg5 Nxg5 22. Nxg5 Rxg5 23. Qf3 f5 24. Qf4 Qg7 25. g3 Rg8 26. Qe5 Qxe5 27. dxe5
h5 28. Rf4 c5 29. Rh4 Kh7 30. Be2 Kh6 31. Kf2 Kg6 32. Rf4 Kh6 33. Rd1 Rd8 34.
Bf3 Bc6 35. c4 Rd7 36. cxd5 Bxd5 37. Bxd5 Rxd5 38. Rxd5 exd5 39. h4 Rg4 40.
Rxf5 Re4 41. Rf6+ Kg7 42. Rxb6 c4 43. bxc4 Rxc4 44. Rb5 Rxa4 45. Rxd5 Ra1 46.
e6 Kf6 47. Rxh5 Kxe6 48. Rh6+ Kf7 49. Ra6 a4 50. Kf3 a3 51. Kg4 a2 52. e4 Kg7
53. e5 Kf7 54. e6+ Ke7 55. h5 Kf6 56. h6 Re1 57. Rxa2 Rxe6 58. Ra7 Re4+ 59. Kh5
Re5+ 60. Kh4 Re1 61. Ra6+ Kf7 62. Kg5 Re5+ 63. Kf4 Rh5 64. g4 Rb5 65. g5 Rb4+
66. Kf5 Rb5+ 67. Kg4 Rb4+ 68. Kh5 Rb5 69. Rf6+ Kg8 70. Kg6 Rb8 71. Ra6 Rc8 72.
Kf6 Rf8+ 73. Kg6 Rb8 74. Rd6 Ra8 75. Kf6 Rf8+ 76. Ke7 Rf7+ 77. Ke6 Rf8 78. g6
Re8+ 79. Kf6 Rf8+ 80. Ke7 Ra8 81. Rd8+ 1-0

[Event "Laval op"]
[Site "Laval CAN"]
[Date "2023.06.25"]
[Round "4.20"]
[White "Nunez, Omar"]
[Black "Baran, Marius"]
[Result "1/2-1/2"]
[WhiteElo "1965"]
[BlackElo "1803"]
[PlyCount "81"]
[EventDate "2023.06.23"]
[EventType "swiss"]
[EventRounds "5"]
[EventCountry "CAN"]

1. g3 d5 2. Bg2 g6 3. f4 Bg7 4. Nf3 Nf6 5. d3 b6 6. Ne5 Bb7 7. O-O O-O 8. Qe1
Nbd7 9. Nxd7 Qxd7 10. Nc3 Rad8 11. Kh1 c5 12. e4 dxe4 13. dxe4 e6 14. Qe2 Qc8
15. a4 a6 16. Be3 Rd7 17. Rfd1 Rfd8 18. Bf3 h5 19. Rxd7 Rxd7 20. h3 Ne8 21. e5
Bxf3+ 22. Qxf3 f5 23. Kg1 Bf8 24. Kf2 Be7 25. Ke2 Qb7 26. Qxb7 Rxb7 27. Rd1 Kf7
28. b3 Nc7 29. Kf3 Ke8 30. g4 b5 31. gxh5 gxh5 32. Rg1 Kf7 33. Rd1 b4 34. Nb1
Nd5 35. Nd2 Nc3 36. Rg1 Rd7 37. Nc4 Ne4 38. Ke2 Rd8 39. Kf3 Rd7 40. Ke2 Bd8 41.
Kf3 1/2-1/2

[Event "Laval op"]
[Site "Laval CAN"]
[Date "2023.06.25"]
[Round "4.21"]
[White "Peloquin, Charli"]
[Black "St-Germain, Jack"]
[Result "1-0"]
[WhiteElo "1932"]
[BlackElo "1618"]
[PlyCount "95"]
[EventDate "2023.06.23"]
[EventType "swiss"]
[EventRounds "5"]
[EventCountry "CAN"]

1. e4 c5 2. Nf3 d6 3. Nc3 Nc6 4. Bb5 g6 5. d4 cxd4 6. Qxd4 Nf6 7. e5 dxe5 8.
Qxd8+ Kxd8 9. Bxc6 bxc6 10. Nxe5 Ke8 11. Nxc6 Bb7 12. Na5 Bxg2 13. Rg1 Bf3 14.
Rg3 Be4 15. Nb5 Rc8 16. c4 a6 17. Nc3 Bf5 18. Be3 Nh5 19. Rg1 Bg7 20. Rc1 Be5
21. b4 Bxh2 22. Rh1 Be5 23. a4 Nf4 24. b5 axb5 25. axb5 Nd3+ 26. Ke2 Nb2 27. c5
Bd3+ 28. Kd2 Nc4+ 29. Kxd3 Nxa5 30. c6 Nxc6 31. Nd5 e6 32. Nb6 Nb4+ 33. Ke4
Rxc1 34. Rxc1 f5+ 35. Kxe5 Nd3+ 36. Kxe6 Nxc1 37. Bxc1 h5 38. Bg5 Rh7 39. Nd5
Rb7 40. b6 Kf8 41. Bd8 Ke8 42. Bc7 g5 43. Nf6+ Kf8 44. Nh7+ Kg7 45. Nxg5 Kg6
46. Nf3 h4 47. Nxh4+ Kg5 48. Nxf5 1-0

[Event "Laval op"]
[Site "Laval CAN"]
[Date "2023.06.25"]
[Round "4.22"]
[White "Berube, Maximilien"]
[Black "Sekki, Abderaouf"]
[Result "1-0"]
[WhiteElo "1796"]
[BlackElo "1896"]
[PlyCount "111"]
[EventDate "2023.06.23"]
[EventType "swiss"]
[EventRounds "5"]
[EventCountry "CAN"]

1. c4 f5 2. g3 Nf6 3. Bg2 e6 4. Nf3 Be7 5. O-O O-O 6. Nc3 d6 7. d3 e5 8. e4 c6
9. Re1 Na6 10. d4 exd4 11. Nxd4 fxe4 12. Nxe4 Nxe4 13. Bxe4 Nc5 14. Bxc6 Bf6
15. Bd5+ Kh8 16. Bf4 Qb6 17. b3 Ne6 18. Nxe6 Bxe6 19. Rxe6 Bxa1 20. Qxa1 Rae8
21. Qe1 Qd8 22. Bxd6 Rxe6 23. Qxe6 Rf6 24. Be7 Rxe6 25. Bxd8 Re1+ 26. Kg2 b6
27. a4 Rb1 28. c5 Rd1 29. cxb6 Rxd5 30. Bc7 axb6 31. Bxb6 Kg8 32. a5 Rb5 33.
Kf3 Kf7 34. Ke4 Ke6 35. Kd4 Rxb3 36. Kc5 Kd7 37. a6 Rb2 38. a7 Ra2 39. Kb5 Kc8
40. Kc6 Rc2+ 41. Bc5 Ra2 42. h4 Ra6+ 43. Bb6 h6 44. h5 Ra2 45. g4 Rc2+ 46. Bc5
Ra2 47. f4 Kd8 48. Kb7 Ke8 49. a8=Q+ Rxa8 50. Kxa8 Kf7 51. Kb7 g6 52. hxg6+
Kxg6 53. Kc6 h5 54. gxh5+ Kxh5 55. Kd7 Kg6 56. Ke6 1-0

[Event "Laval op"]
[Site "Laval CAN"]
[Date "2023.06.25"]
[Round "4.23"]
[White "McBain, Robert"]
[Black "Gonzalez, Daniel"]
[Result "0-1"]
[WhiteElo "1260"]
[BlackElo "1851"]
[PlyCount "66"]
[EventDate "2023.06.23"]
[EventType "swiss"]
[EventRounds "5"]
[EventCountry "CAN"]

1. e4 c5 2. Nf3 g6 3. d4 cxd4 4. Nxd4 Bg7 5. c4 Nc6 6. Be3 d6 7. Nc3 Bd7 8. Be2
Nf6 9. f3 O-O 10. O-O Nxd4 11. Bxd4 a5 12. Qd2 Bc6 13. Nb5 Bxb5 14. cxb5 Nd7
15. b4 axb4 16. Qxb4 Bxd4+ 17. Qxd4 Nc5 18. Kh1 Qc7 19. Rfc1 Ra3 20. Rc3 Rfa8
21. Rxa3 Rxa3 22. Rb1 Rxa2 23. b6 Qc8 24. Bc4 Rc2 25. h3 Nd7 26. Bb3 Rc1+ 27.
Rxc1 Qxc1+ 28. Bd1 Qb1 29. Kh2 Qxb6 30. Qa4 Qd8 31. Qb5 Nc5 32. Be2 Qc7 33. Bc4
d5+ 0-1

[Event "Laval op"]
[Site "Laval CAN"]
[Date "2023.06.25"]
[Round "4.24"]
[White "Kember, Jonah"]
[Black "Perna-Fraser, David"]
[Result "1-0"]
[WhiteElo "1251"]
[BlackElo "1936"]
[PlyCount "113"]
[EventDate "2023.06.23"]
[EventType "swiss"]
[EventRounds "5"]
[EventCountry "CAN"]

1. d4 Nf6 2. c4 c5 3. d5 b5 4. e3 d6 5. Nf3 g6 6. Nc3 b4 7. Ne2 Bg7 8. Nf4 O-O
9. Bd3 Nbd7 10. O-O Ng4 11. Rb1 Nde5 12. b3 Nxf3+ 13. Qxf3 Ne5 14. Qe2 a5 15.
Bc2 Bd7 16. Bb2 a4 17. Nd3 axb3 18. axb3 Nxd3 19. Bxg7 Kxg7 20. Bxd3 Ra3 21.
Qb2+ Kg8 22. Ra1 Qa8 23. Rfe1 Qa7 24. e4 Ra8 25. Rab1 Ra2 26. Qc1 Qa3 27. e5
Qxc1 28. Rbxc1 Rd2 29. Bf1 Raa2 30. exd6 exd6 31. Re7 Bf5 32. Rce1 Rxf2 33. Rb7
Rfb2 34. Ree7 Ra1 35. Rxf7 Rbb1 36. Rg7+ Kf8 37. g4 Rxf1+ 38. Kg2 Rg1+ 39. Kh3
Bxg4+ 40. Kh4 Bf5 41. Rxh7 Rg4+ 42. Kh3 Rxc4+ 43. Kg2 Rc2+ 44. Kf3 Rf1+ 45. Ke3
Re1+ 46. Kf4 Rf1+ 47. Ke3 Rc3+ 48. Kd2 Kg8 49. Rhg7+ Kf8 50. Rh7 Rc2+ 51. Ke3
Re1+ 52. Kf4 Re4+ 53. Kg5 Bd7 54. Rbxd7 Rg2+ 55. Kf6 Rf4+ 56. Ke6 Re2+ 57. Kxd6
1-0